00450nam a2200157 a 45000010005000000030009000050080041000140400028000550820018000832450040001012600053001413000014001944900029002086500022002376500033002596733CO-ViMGA141112s2004 ck r 000 u spa d aCO-ViMGAbspacCO-ViMGA aCo861.44 J67310aJorge Robledo Ortiz : bselección aSantafé de Bogotá : bPanAméricana, c1997 a49 p : il aCuadernillos de poesía14aPOESIA COLOMBIANA14aROBLEDO ORTIZ, JORGE 1953 -